<?xml version="1.0" encoding="UTF-8"?>
<record
    xmlns:xsi="http://www.w3.org/2001/XMLSchema-instance"
    xsi:schemaLocation="http://www.loc.gov/MARC21/slim http://www.loc.gov/standards/marcxml/schema/MARC21slim.xsd"
    xmlns="http://www.loc.gov/MARC21/slim">

  <leader>00492nam a22001577a 4500</leader>
  <controlfield tag="005">20260318120934.0</controlfield>
  <controlfield tag="008">260318b        |||||||| |||| 00| 0 eng d</controlfield>
  <datafield tag="020" ind1=" " ind2=" ">
    <subfield code="a">978-81-203-0863-8</subfield>
  </datafield>
  <datafield tag="050" ind1=" " ind2=" ">
    <subfield code="a">QA 76.76 .E95 K67 1992</subfield>
  </datafield>
  <datafield tag="100" ind1=" " ind2=" ">
    <subfield code="a">KOSKO BART</subfield>
  </datafield>
  <datafield tag="245" ind1=" " ind2=" ">
    <subfield code="a">NEURAL NETWORKS AND FUZZY SYSTEMS</subfield>
    <subfield code="b">A DYNAMICAL SYSTEMS APPROACH TO MACHINE INTELLIGENCE</subfield>
  </datafield>
  <datafield tag="260" ind1=" " ind2=" ">
    <subfield code="a">NEW DELHI</subfield>
    <subfield code="b">PH LEARNINING PRIVATE LIMITED</subfield>
    <subfield code="c">1992</subfield>
  </datafield>
  <datafield tag="300" ind1=" " ind2=" ">
    <subfield code="a">X,449</subfield>
  </datafield>
  <datafield tag="650" ind1=" " ind2=" ">
    <subfield code="a">Artificial intelligence</subfield>
  </datafield>
  <datafield tag="942" ind1=" " ind2=" ">
    <subfield code="2">lcc</subfield>
    <subfield code="c">BK</subfield>
  </datafield>
  <datafield tag="999" ind1=" " ind2=" ">
    <subfield code="c">216846</subfield>
    <subfield code="d">216846</subfield>
  </datafield>
  <datafield tag="952" ind1=" " ind2=" ">
    <subfield code="0">0</subfield>
    <subfield code="1">0</subfield>
    <subfield code="2">lcc</subfield>
    <subfield code="4">0</subfield>
    <subfield code="6">QA007676 E95 K67  01992</subfield>
    <subfield code="7">0</subfield>
    <subfield code="8">SCT</subfield>
    <subfield code="9">376368</subfield>
    <subfield code="a">KSUL</subfield>
    <subfield code="b">KSUL</subfield>
    <subfield code="c">DISPLAY</subfield>
    <subfield code="d">2026-03-18</subfield>
    <subfield code="i">112424</subfield>
    <subfield code="l">0</subfield>
    <subfield code="o">QA 76.76 .E95 K67 1992</subfield>
    <subfield code="p">A000849</subfield>
    <subfield code="r">2026-03-18 12:14:00</subfield>
    <subfield code="t">C.4</subfield>
    <subfield code="w">2026-03-18</subfield>
    <subfield code="y">BK</subfield>
  </datafield>
  <datafield tag="952" ind1=" " ind2=" ">
    <subfield code="0">0</subfield>
    <subfield code="1">0</subfield>
    <subfield code="2">lcc</subfield>
    <subfield code="4">0</subfield>
    <subfield code="6">QA007676 E95 K67  01992</subfield>
    <subfield code="7">0</subfield>
    <subfield code="8">SCT</subfield>
    <subfield code="9">376369</subfield>
    <subfield code="a">KSUL</subfield>
    <subfield code="b">KSUL</subfield>
    <subfield code="c">DISPLAY</subfield>
    <subfield code="d">2026-03-18</subfield>
    <subfield code="i">112423</subfield>
    <subfield code="l">0</subfield>
    <subfield code="o">QA 76.76 .E95 K67 1992</subfield>
    <subfield code="p">A000848</subfield>
    <subfield code="r">2026-03-18 12:14:00</subfield>
    <subfield code="t">C.3</subfield>
    <subfield code="w">2026-03-18</subfield>
    <subfield code="y">BK</subfield>
  </datafield>
  <datafield tag="952" ind1=" " ind2=" ">
    <subfield code="0">0</subfield>
    <subfield code="1">0</subfield>
    <subfield code="2">lcc</subfield>
    <subfield code="4">0</subfield>
    <subfield code="6">QA007676 E95 K67  01992</subfield>
    <subfield code="7">0</subfield>
    <subfield code="8">SCT</subfield>
    <subfield code="9">376370</subfield>
    <subfield code="a">KSUL</subfield>
    <subfield code="b">KSUL</subfield>
    <subfield code="c">DISPLAY</subfield>
    <subfield code="d">2026-03-18</subfield>
    <subfield code="i">112422</subfield>
    <subfield code="l">0</subfield>
    <subfield code="o">QA 76.76 .E95 K67 1992</subfield>
    <subfield code="p">A000847</subfield>
    <subfield code="r">2026-03-18 12:14:00</subfield>
    <subfield code="t">C.2</subfield>
    <subfield code="w">2026-03-18</subfield>
    <subfield code="y">BK</subfield>
  </datafield>
  <datafield tag="952" ind1=" " ind2=" ">
    <subfield code="0">0</subfield>
    <subfield code="1">0</subfield>
    <subfield code="2">lcc</subfield>
    <subfield code="4">0</subfield>
    <subfield code="6">QA007676 E95 K67  01992</subfield>
    <subfield code="7">0</subfield>
    <subfield code="8">SCT</subfield>
    <subfield code="9">376371</subfield>
    <subfield code="a">KSUL</subfield>
    <subfield code="b">KSUL</subfield>
    <subfield code="c">DISPLAY</subfield>
    <subfield code="d">2026-03-18</subfield>
    <subfield code="i">112421</subfield>
    <subfield code="l">0</subfield>
    <subfield code="o">QA 76.76 .E95 K67 1992</subfield>
    <subfield code="p">A000845</subfield>
    <subfield code="r">2026-03-18 12:14:00</subfield>
    <subfield code="t">C.1</subfield>
    <subfield code="w">2026-03-18</subfield>
    <subfield code="y">BK</subfield>
  </datafield>
</record>
